000 00771cam a2200229 4500
001 ##M2303
008 090401t1996 xxu||||| |||| 00| 0 eng d
035 _a(Sirsi) u37696
041 0 _aeng
050 0 4 _a690.241 $2 18
090 _aRICS 1996/117A
110 2 _aRoyal Institution of Chartered Surveyors
_bBuilding Conservation Practice Panel
_94564
245 0 4 _aThe principles of building conservation
260 _aLondon
_bRICS
_c1996
300 _a(4)p.
_c30cm.
490 0 _aRICS Building Conservation Note
_v(6)
520 _aPublished in "RICS Building Conservation Journal" (15) Winter 1996.
651 4 _aUnited Kingdom
_y
690 _aBUILT ENVIRONMENT-BUILDING MAINTENANCE AND REFURBISHMENT-BUILDING CONSERVATION
942 _n0
948 _c04/03/1997
999 _c90525
_d90525